000 00202 a2200109 4500
020 _a9780553591729
041 _aspa
100 _aKoontz, Dean
245 _aRelentless
942 _cBK
999 _c30001
_d29999
999 _d29999